000
00191 a2200097 4500
020
_a
9780590940511
041
_a
spa
100
_a
Scholastic
245
_a
Estaba el seò¨r Don Gato
942
_c
BK
999
_c
9452
_d
9452